| 000 | 00960nam a2200205 i 4500 | ||
|---|---|---|---|
| 001 | 159491 | ||
| 003 | ES-MaACL | ||
| 005 | 20251005063124.0 | ||
| 008 | 990414s1854 sp |||| | spa d | ||
| 040 |
_aCCPB | B _bspa _cCCPB | B |
||
| 100 | 1 |
_aMerino, Martín, _d1789-1852 _9129852 |
|
| 245 | 1 | 0 |
_aFilosofía político-moral _b: la conciencia / _cpáginas escritas por el regicida Merino; y recogidas por su abogado defensor. |
| 260 |
_aMadrid : _b[s.n.], _c1854 ( _fImprenta á cargo de Miguel Gonzalez) |
||
| 300 |
_a[2], 23 p. ; _c21 cm. |
||
| 530 | _aDisponible en formato digital. | ||
| 651 | 4 |
_aEspaña- _xHistoria- _z1843-1868, Isabel II _98256 |
|
| 852 |
_aES-MaACL _jFol-Laf-396 _z-- Rúst. _z-- Legado de M. de la Fuente _x-- Corregir en t245: "... por el regicida Merino; y publicadas por su abogado defensor" |
||
| 856 |
_uhttp://bdh-rd.bne.es/viewer.vm?id=0000060631&page=1 _zBiblioteca Digital Hispánica |
||
| 999 |
_c159491 _d159491 |
||